United States Carbon Cycle Science Program : an Interagency Partnership; providing a coordinated & focused scientific strategy for conducting federal carbon cycle research.
The U.S. Carbon Cycle Science Program, in consultation with the Carbon Cycle Interagency Working Group (CCIWG), coordinates and facilitates activities relevant to carbon cycle science, climate and global change issues under the U.S. Global Change Research Program (USGCRP) Interagency Committee or US...
| Corporate Author: | |
|---|---|
| Format: | Government Document Database |
| Language: | English |
| Published: |
Washington, DC :
U.S. Carbon Cycle Science Program
|
| Edition: | [Archived version]. |
| Subjects: | |
| Online Access: | Home page by archived dates Collection page seed list Archived site |
MARC
| Tag | First Indicator | Second Indicator | Subfields |
|---|---|---|---|
| LEADER | 00000cai a2200000Ii 4500 | ||
| 001 | in00003598528 | ||
| 005 | 20170201110128.0 | ||
| 006 | m o d f | ||
| 007 | cr ||||||||||| | ||
| 008 | 150806c20059999dcu x wso f0 2eng d | ||
| 035 | |a (OCoLC)ocn915961485 | ||
| 040 | |a GPO |b eng |e rda |c GPO |d GPO |d OCLCF |d GPO |d MvI | ||
| 049 | |a WWW | ||
| 074 | |a 0429-A (online) | ||
| 086 | 0 | |a E 1.2:INTERNET | |
| 110 | 2 | |a United States Carbon Cycle Science Program, |e author. | |
| 245 | 1 | 0 | |a United States Carbon Cycle Science Program : |b an Interagency Partnership; providing a coordinated & focused scientific strategy for conducting federal carbon cycle research. |
| 250 | |a [Archived version]. | ||
| 264 | 1 | |a Washington, DC : |b U.S. Carbon Cycle Science Program | |
| 264 | 2 | |a [Washington, D.C.] : |b Government Publishing Office, |c 2015- | |
| 300 | |a 1 online resource | ||
| 336 | |a text |b txt |2 rdacontent | ||
| 336 | |a still image |b cri |2 rdacontent | ||
| 337 | |a computer |b c |2 rdamedia | ||
| 338 | |a online resource |b cr |2 rdacarrier | ||
| 362 | 1 | |a Began in: 2005? | |
| 500 | |a The content is made available by the U.S. Government Publishing Office in accordance with Title 44 of the US Code. | ||
| 500 | |a Digital collection: Federal Depository Library Program Web Archive. | ||
| 520 | |a The U.S. Carbon Cycle Science Program, in consultation with the Carbon Cycle Interagency Working Group (CCIWG), coordinates and facilitates activities relevant to carbon cycle science, climate and global change issues under the U.S. Global Change Research Program (USGCRP) Interagency Committee or USGCRP Principals. | ||
| 588 | |a Description based on: archived web page captured June 10, 2015; title from title screen (viewed Aug. 5, 2015). | ||
| 650 | 0 | |a Carbon cycle (Biogeochemistry) |x Research. | |
| 650 | 0 | |a Global environmental change |x Research. | |
| 650 | 0 | |a Climatic changes |x Research. | |
| 650 | 7 | |a Carbon cycle (Biogeochemistry) |x Research. |2 fast |0 (OCoLC)fst00846813 | |
| 650 | 7 | |a Climatic changes |x Research. |2 fast |0 (OCoLC)fst00864259 | |
| 650 | 7 | |a Global environmental change |x Research. |2 fast |0 (OCoLC)fst00943486 | |
| 710 | 2 | |a Federal Depository Library Program, |e collector. | |
| 710 | 1 | |a United States. |b Government Publishing Office, |e distributor. | |
| 773 | 0 | |t Federal Depository Library Program Web Archive |w (OCoLC)883856932 | |
| 856 | 4 | 0 | |z Home page by archived dates |u http://purl.fdlp.gov/GPO/gpo59188 |t 0 |
| 856 | 4 | 0 | |z Collection page seed list |u http://purl.fdlp.gov/GPO/gpo76132 |t 0 |
| 856 | 4 | 0 | |z Archived site |u http://purl.fdlp.gov/GPO/gpo59188 |t 0 |
| 999 | f | f | |s 9dc94479-4877-3a27-8378-c1ed1b90ab71 |i 120c61be-7fb1-3c9a-8985-41cea08f6854 |t 0 |
| 952 | f | f | |a Texas A&M University |b College Station |c Electronic Resources |d Available Online |t 0 |e E 1.2:INTERNET |h Superintendent of Documents classification |
| 998 | f | f | |a E 1.2:INTERNET |t 0 |l Available Online |